00615cam a22002174a 45000010009000000050017000090080041000260100017000670200041000840350020001250400023001450410008001680420008001760600023001840800016002070820020002231000006002431010008002492450089002575040051003461182702620180124041054.0991029s2000 caua b 001 0 eng c a 99057053  a0769300057 (soft cover : alk. paper) a(DNLM)100899296 aDNLM/DLCcDLCdDLC aeng apcc10aWV 500bS824c 2000 a616.855 STE00a616.855 STE2211 a9 aPAT10aClinical voice pathology :cJoseph C. Stemple, Leslie E. Glaze, Bernice K. Gerdeman. aIncludes bibliographical references and index.